|
|
|
|
| LEADER |
00000cam a2200000 a 4500 |
| 001 |
86159 |
| 003 |
Ucuenca |
| 005 |
20230318063034.0 |
| 008 |
990122|1986 mx |||||r|||||||||||spa|| |
| 040 |
|
|
|b spa
|
| 041 |
0 |
|
|a es
|
| 082 |
0 |
|
|a 305.4
|
| 100 |
1 |
|
|9 1138
|a Mattelart, Michéle
|
| 245 |
|
3 |
|a La cultura de la opresión femenina
|c Michéle Mattelart
|h imp
|
| 250 |
|
|
|a 3a ed.
|
| 264 |
|
|
|a México
|b Ediciones Era
|c 1986
|
| 300 |
|
|
|a 207 páginas:
|b ilu
|c 17.5 cm
|
| 490 |
|
|
|a Era
|n no. 46
|
| 650 |
|
7 |
|a Mujeres
|9 1160
|
| 650 |
|
0 |
|a Movimiento de liberación femenina
|9 293
|
| 650 |
|
0 |
|a Opresion femenina
|9 40634
|
| 650 |
|
0 |
|a Mujeres burguesas
|9 40635
|
| 852 |
|
|
|a UC-CDJBV
|f Compra
|l 1
|m General
|p 19901228
|q 4000,00
|r 2
|t 86159
|b 0
|d CDRC
|e CDRC
|g 305.4 PRIMER PISO
|z 1990-01-22
|
| 942 |
|
|
|c BK
|2 ddc
|r luz.vázquez@ucuenca.edu.ec
|
| 999 |
|
|
|c 21831
|d 21831
|